On This Day: March 9th II Quiz Stats

 Plays Quiz Updated Mar 9, 2018

Support Sporcle.
Go Orange.
Score 0/7 Timer 03:00
0 Plays Today
Question Answer Wrong Answers
Observers in China, Mongolia and Eastern Siberia are treated to a rare double feature as an eclipse permits this comet to be seen during the day.
1997
Hale–Bopp
87%
Hyakutake
5.5%
Encke
2.1%
Holmes
2.2%
A massive 8.6 magnitude earthquake hits the Aleutian Islands of this US state, causing $5 million in damage and creating a destructive tsunami that affected Hawaii.
1957
Alaska
81.8%
Washington
3.9%
Oregon
1.6%
California
11.2%
This Scottish economist and philosopher publishes the influential economics book, ‘The Wealth of Nations.’
1776
Adam Smith
76.1%
Karl Marx
6.3%
John Stuart Mill
13.7%
Voltaire
3.7%
This anchorman, one of the ‘Big Three’ news anchors in the US during the 1980s, 1990s, and early 2000s, begins a 24 year run as the lead on ‘CBS Evening News’.
1981
Dan Rather
57.7%
Walter Cronkite
27.5%
Peter Jennings
8.8%
Brian Williams
3.9%
This American rapper from Brooklyn, often considered one of the greatest rappers of all-time, is killed by an unknown assailant in a drive-by shooting in Los Angeles.
1997
The Notorious B.I.G.
53.2%
2Pac
41.1%
Eazy-E
2.4%
Big Pun
0.5%
A group in Baltimore, Maryland, identifying themselves as the ______, host a convention for time-travelers to come from the future and discuss the scientific methods of Time Travel.
1982
Krononauts
47.8%
Cosmonauts
12.4%
Hydronauts
3.1%
Cybernauts
34.3%
Later called the ‘Night of the Black Snow’ in Japan, the United States Army Air Forces firebomb this city, inflicting damage comparable to that done by both atomic bombs five months later.
1945
Tokyo
45.9%
Nagano
17.6%
Mito
2%
Osaka
33.6%

You're not logged in!

Compare scores with friends on all Sporcle quizzes.
OR
Log In
Forgot?

From the Vault

Marvel Picture Find: The Marvel Universe

by MitchellGoosen

If you’re looking for Waldo, forget it. There’s no room for him in the Marvel Universe.
Remove Ads.
Support Sporcle.
Get the best of Sporcle when you Go Orange. This ad-free experience offers more features, more stats, and more fun while also helping to support Sporcle. Thank you for becoming a member.

Show Comments

Extras

Top Quizzes Today


Score Distribution

Your Account Isn't Verified!

In order to create a playlist on Sporcle, you need to verify the email address you used during registration. Go to your Sporcle Settings to finish the process.

Report this User

Report this user for behavior that violates our Community Guidelines.

Details: